Surveying safely: (Record no. 116273)

MARC details
000 -LEADER
fixed length control field 01794cad a22002655a 4500
001 - CONTROL NUMBER
control field L160200
008 - FIXED-LENGTH DATA ELEMENTS--GENERAL INFORMATION
fixed length control field 181204s2018 xxk 000 0 eng d
020 ## - INTERNATIONAL STANDARD BOOK NUMBER
International Standard Book Number 9781842196809
020 ## - INTERNATIONAL STANDARD BOOK NUMBER
International Standard Book Number 9781783214952
035 ## - SYSTEM CONTROL NUMBER
System control number (Sirsi) u160200
041 0# - LANGUAGE CODE
Language code of text/sound track or separate title eng
110 2# - MAIN ENTRY--CORPORATE NAME
Corporate name or jurisdiction name as entry element Royal Institution of Chartered Surveyors
9 (RLIN) 4900
245 00 - TITLE STATEMENT
Title Surveying safely:
Remainder of title health and safely prinicples for property professionals
Medium [electronic resource]
260 ## - PUBLICATION, DISTRIBUTION, ETC.
Place of publication, distribution, etc. London
Name of publisher, distributor, etc. RICS
Date of publication, distribution, etc. 2018
490 ## - SERIES STATEMENT
Series statement RICS Professional Standard
490 ## - SERIES STATEMENT
Series statement RICS Guidance Note
520 ## - SUMMARY, ETC.
Summary, etc. This guidance note sets out basic, good practice principles for the management of health and safety for RICS-regulated firms and RICS members. It sets out principles for those engaged in the built environment as property professionals and includes health and safety responsibilities both at a corporate level (whether the RICS-regulated firm is large or small) and at the level of the individual RICS member. It covers property-related businesses and identifies the moral, ethical and practical issues that confront RICS-regulated firms and RICS members everywhere, in all the work that they undertake.
520 ## - SUMMARY, ETC.
Summary, etc. Supersedes 1st ed d ISBN 9781842196809 effective from February 2019
520 ## - SUMMARY, ETC.
Summary, etc. This document was originally published as Surveying safely: health and safety principles for property professionals in November 2018 as an RICS guidance note and was<br/>reissued in July 2023 as an RICS professional standard with a new ISBN 9781783214952
590 ## - LOCAL NOTE (RLIN)
Local note KA
651 #4 - SUBJECT ADDED ENTRY--GEOGRAPHIC NAME
Geographic name United Kingdom
690 ## - LOCAL SUBJECT ADDED ENTRY--TOPICAL TERM (OCLC, RLIN)
Topical term or geographic name as entry element Health and safety
9 (RLIN) 6244
856 41 - ELECTRONIC LOCATION AND ACCESS
Uniform Resource Identifier <a href="https://www.rics.org/profession-standards/rics-standards-and-guidance/sector-standards/building-surveying-standards/surveying-safely">https://www.rics.org/profession-standards/rics-standards-and-guidance/sector-standards/building-surveying-standards/surveying-safely</a>
Public note Available free on RICS.org
942 ## - ADDED ENTRY ELEMENTS (KOHA)
Suppress in OPAC 0
Source of classification or shelving scheme Dewey Decimal Classification
Holdings
Withdrawn status Lost status Source of classification or shelving scheme Damaged status Not for loan Home library Current library Shelving location Date acquired Total Checkouts Full call number Barcode Date last seen Copy number Price effective from Koha item type
    Dewey Decimal Classification     Virtual Virtual Online 04/12/2018   ONLINE PUBLICATION 160200-2001 23/03/2023 1 06/08/2019 Book